000 00357 a2200157 4500
001 149690
040 _cEscola São Tomás de Aquino
100 _aTIMÒTIO, Vanderlei
240 1 0 _aO domador de nuvens
_lpor
245 1 0 _aO domador de nuvens
300 _a32
362 0 _a1989
440 1 _aRHJ
697 _a*LITERATURA INFANTO JUVENIL
942 _cBK
999 _c149690
_d149690